Szczegóły MARC21

Edukacja kulturalna dorosłych w Niemczech : studium przypadku: Berlin/Brandenburgia /

003 -Nazwa inst., której nr kontr. jest w polu 001 [,]
    • @
    • Nazwa instytucji, której n kontrolny jest w polu 001
    • NUKAT
005 -DATA I CZAS OSTATNIEJ MODYFIKACJI [,]
    • @
    • pole kontrolne
    • 20241231105838.0
020 -Międzynarod. znormalizowany nr książki - ISBN [ , ]
    • a
    • Numer ISBN
    • 8372044686 Find
040 -Instytucja sporządzająca opis [ , ]
    • a
    • Instytucja, która sporządziła opis (NP)
    • GD U/DC
    • c
    • Instytucja, która sporządziła rekord (NP)
    • GD U/DC
    • d
    • Instytucja, która zmodyfikowała rekord (P)
    • GD U/AEKs
    • d
    • Instytucja, która zmodyfikowała rekord (P)
    • TOR U/kn
    • d
    • Instytucja, która zmodyfikowała rekord (P)
    • GD U/DC
041 -Język dokumentu [1, ]
    • a
    • Język tekstu (P)
    • polski
    • h
    • Język tekstu oryginalnego i/lub pośredniego (P)
    • niemiecki
942 -Rodzaj dokumentu [ , ]
    • c
    • Rodzaj dokumentu
    • Książka
245 -Strefa tytułu i oznaczenia odpowiedzialności [0,0]
    • a
    • Tytuł
    • Edukacja kulturalna dorosłych w Niemczech : Find
    • b
    • Ciąg dalszy tytułu (NP)
    • studium przypadku: Berlin/Brandenburgia / Find
    • c
    • Pozostałe elementy strefy tytułu i oznaczenia odpowiedzialności (NP)
    • Wiltrud Gieseke [et al. ; tł.: Hanna Solarczyk-Szwec, Tadeusz Szwec].
246 -Wariant tytułu [1, ]
    • i
    • Tekst wyświetlany na ekranie monitora (NP)
    • Tyt. oryg.:
    • a
    • Tytuł (NP)
    • Kulturelle Erwachsenenbildung in Deutschland
260 -Strefa adresu wydawniczego [ , ]
    • a
    • Miejsce wydania (P)
    • Warszawa :
    • b
    • Nazwa wydawcy (P)
    • Wydział Pedagogiczny Uniwersytetu Warszawskiego ;
    • a
    • Miejsce wydania (P)
    • Płock :
    • b
    • Nazwa wydawcy (P)
    • Szkoła Wyższa im. Pawła Włodkowica w Płocku,
    • c
    • Data wydania (P)
    • 2005.
300 -Strefa opisu fizycznego [ , ]
    • a
    • Określenie formy książki i/lub objętość (NP)
    • 461, [1] s. ;
    • c
    • Format (NP)
    • 25 cm.
336 -Typ zawartości [ , ]
    • a
    • Termin opisujący typ zawartości
    • Tekst
    • b
    • Kod określający zawartość
    • txt
    • 2
    • Źródło (terminu i kodu)
    • rdacontent
337 -Typ mediów [ , ]
    • a
    • Tryb odtwarzania
    • Bez urządzenia pośredniczącego
    • b
    • Kod typu mediów
    • n
    • 2
    • Źródło (terminu i kodu)
    • rdamedia
338 -Typ/rodzaj nośnika [ , ]
    • a
    • Hasło opisujące typ nośnika
    • Wolumin
    • b
    • Kod typu nośnika
    • nc
    • 2
    • Źródło (terminu i kodu)
    • rdacarrier
490 -Strefa serii i książki wielotomowej - forma nie do wyszukiwania [1, ]
    • a
    • Tytuł (P)
    • Europeizacja poprzez Edukację Kulturalną : Edukacja-Praktyka-Projekt ; Find
    • v
    • Numeracja (P)
    • t. 1
830 -Hasło dodatkowe serii i opisu książki wielotomowej - tytuł ujednolicony/tytuł [ ,0]
    • a
    • Tytuł ujednolicony/tytuł (NP)
    • Europeizacja poprzez Edukację Kulturalną
    • v
    • Oznaczenie tomu (NP)
    • T. 1
    • 9
    • KHW
    • 569653
500 -Uwaga ogólna [ , ]
    • a
    • Uwaga ogólna (NP)
    • Aneks.
504 -Uwaga dot. bibliogr. załącznikowej [ , ]
    • a
    • Uwaga dot. bibliografii załącznikowej
    • Bibliogr. niemieckojęz. s. 409-422, bibliogr. polskojęz. s. 423-424.
546 -Uwaga dot. języka [ , ]
    • a
    • Uwaga dot. języka
    • Wstęp i spis treści również w jęz. ang. i niem.
080 -Uniwersalna Klasyfikacja Dziesiętna [ , ]
    • 2
    • Identyfikator wydania tablic
    • UDC-P022
    • a
    • Symbol klasyfikacji
    • 37.013.43
    • b
    • Dopowiedzenie
    • Pedagogika kultury.
    • b
    • Dopowiedzenie
    • (Polska - Niemcy).
    • x
    • Poddział wspólny
    • (438:430)
    • x
    • Poddział wspólny
    • "1989/..."
080 -Uniwersalna Klasyfikacja Dziesiętna [ , ]
    • 2
    • Identyfikator wydania tablic
    • UDC-P022
    • a
    • Symbol klasyfikacji
    • 37.013.83
    • b
    • Dopowiedzenie
    • Andragogika. Teoria oświaty i wychowania dorosłych. Pedagogika dorosłych.
    • b
    • Dopowiedzenie
    • (Polska - Niemcy).
    • x
    • Poddział wspólny
    • (438:430)
    • x
    • Poddział wspólny
    • "1989/..."
080 -Uniwersalna Klasyfikacja Dziesiętna [ , ]
    • 2
    • Identyfikator wydania tablic
    • UDC-P022
    • a
    • Symbol klasyfikacji
    • 374.1
    • b
    • Dopowiedzenie
    • Formy organizacyjne oraz metody samokształcenia i kształcenia zespołowego. Praca kulturalno-oświatowa.
    • b
    • Dopowiedzenie
    • (Polska - Niemcy).
    • x
    • Poddział wspólny
    • (438:430)
    • x
    • Poddział wspólny
    • "1989/..."
080 -Uniwersalna Klasyfikacja Dziesiętna [ , ]
    • 2
    • Identyfikator wydania tablic
    • UDC-P022
    • a
    • Symbol klasyfikacji
    • 316.7
    • b
    • Dopowiedzenie
    • Socjologia kultury. Kulturowy kontekst życia społecznego.
    • b
    • Dopowiedzenie
    • (Polska - Niemcy).
    • x
    • Poddział wspólny
    • (438:430)
    • x
    • Poddział wspólny
    • "1989/..."
650 -Hasło przedmiotowe [ ,7]
    • a
    • Hasło przedmiotowe
    • Kultura
    • x
    • Określnik rzeczowy
    • studia i nauczanie.
    • 2
    • Źródło terminu
    • kaba
    • 9
    • KHW
    • 116396
650 -Hasło przedmiotowe [ ,7]
    • a
    • Hasło przedmiotowe
    • Kultura
    • x
    • Określnik rzeczowy
    • studia i nauczanie
    • z
    • Określnik geograficzny
    • Niemcy
    • y
    • Określnik chronologiczny
    • 1990-
    • v
    • Określnik formalny
    • studium przypadku.
    • 2
    • Źródło terminu
    • kaba
    • 9
    • KHW
    • 569829
650 -Hasło przedmiotowe [ ,7]
    • a
    • Hasło przedmiotowe
    • Edukacja dorosłych
    • z
    • Określnik geograficzny
    • Niemcy
    • y
    • Określnik chronologiczny
    • 1990-
    • v
    • Określnik formalny
    • studium przypadku.
    • 2
    • Źródło terminu
    • kaba
    • 9
    • KHW
    • 569830
980 -Symbol UKD [ , ]
    • a
    • UKD
    • 37.013.43:37.013.83:374.1:316.7](438:430)"1989/..."
700 -Hasło dodatkowe - nazwa osobowa [1, ]
    • a
    • Nazwa osobowa (NP)
    • Gieseke, Wiltrud Find
    • d
    • Daty biograficzne (NP)
    • (1947- ).
    • 9
    • KHW
    • 569651
700 -Hasło dodatkowe - nazwa osobowa [1, ]
    • a
    • Nazwa osobowa (NP)
    • Solarczyk-Szwec, Hanna Find
    • d
    • Daty biograficzne (NP)
    • (1969- ).
    • e
    • Określenie rodzaju współpracy
    • Tł.
    • 9
    • KHW
    • 343924
700 -Hasło dodatkowe - nazwa osobowa [1, ]
    • a
    • Nazwa osobowa (NP)
    • Szwec, Tadeusz. Find
    • e
    • Określenie rodzaju współpracy
    • Tł.
    • 9
    • KHW
    • 569652
920 -ISBN [ , ]
    • a
    • ISBN
    • 83-7204-468-6 Find
Numer inwentarzowy Data inwentaryzacji Status udost. Lokalizacja
Pd.178032006-06-231BG